000 00333nam a2200133Ia 4500
008 191201s2019 xx 000 0 und d
082 _a621.395
_bMAD
100 _aMARTIN, Ken
245 0 _aDigital Integrated Circuit Design
260 _aN.Delhi
_bOxford Universty Press
300 _a543
650 _aB.Tech(ECE)
942 _2ddc
_cBK
999 _c2071
_d2071